000 00380nam a22001577a 4500
005 20251108170637.0
008 250721s1967 xx 000 0 eng d
082 1 4 _aF/Win
100 1 _aWinchester, Stanley
245 1 4 _aThe Practice /
264 1 _aNew York :
_bG.P.Putnam's sons,
_c1967.
300 _a316p
650 1 7 _aEnglish Fiction
942 _2ddc
_cBK
999 _c45544
_d45544